| 000 | 003710000a22001450004500 | ||
|---|---|---|---|
| 003 | MACL | ||
| 040 | _aMACL | ||
| 090 |
_c2291 _d2291 |
||
| 100 | _aRao,S.K. Ramachandra | ||
| 245 |
_aEncyclopadia Of Indian Medicine Vol 3̜ _bClinical Examination And Diagnostic Methods |
||
| 260 |
_bPopular Prakashan _c2005 |
||
| 350 | _a275 | ||
| 650 | _aEncyclopadia | ||
| 942 |
_cBOOK _k013 |
||
| 999 |
_c2275 _d2275 |
||